00517 2200205 4500001002100000005001500021035002000036007000300056008004100059020001500100082001100115084001700126100002400143245004700167250001100214260004300225300002500268990000900293990000900302INLIS00000000000450920191127010254 a0010-1119000136ta191127 g 1 ind  a9794614548 a370.15 a370.15 SAT m0 aSatiadarma, monty P1 aMendidik Kecerdasan /cMonty P. Satiadarma aCet. 1 aJAKARTA :bPustaka populer Obor,c2003 axii, 152 hlm ;c21cm a522a a522b